Statistiques concernant Meilleurs buteurs par saison depuis 2000

Cliquez ici pour prendre le quiz!

Statistiques générales

  • Ce quiz a été pris 95 fois
    (38 depuis la dernière actualisation)
  • Le résultat moyen est 16 sur 23

Statistiques - réponses

SaisonJoueurButsClubs% Correct
2017/18Cavani28PSG
100%
2016/17Cavani35PSG
100%
2022/23Mbappé29PSG
100%
2021/22Mbappé28PSG
100%
2020/21Mbappé27PSG
100%
2019/20Mbappé18PSG
100%
2018/19Mbappé33PSG
100%
2012/13Ibrahimovic30PSG
97%
2015/16Ibrahimovic38PSG
97%
2013/14Ibrahimovic26PSG
97%
2014/15Lacazette27OL
97%
2011/12Giroud21Montpellier
88%
2005/06Pauleta21PSG
70%
2006/07Pauleta15PSG
70%
2007/08Benzema20OL
67%
2008/09Gignac24Toulouse
48%
2001/02Cissé22Auxerre
42%
2003/04Cissé26Auxerre
42%
2009/10Niang18OM
39%
2010/11Sow25Lille
27%
2000/01Andersson22OL
21%
2004/05Frei20Rennes
15%
2002/03Nonda26Monaco
9%

Distribution des résultats

Percentile par nombre de réponses

% des personnes avec chaque résultat

Votre développement - résultats

Vous n’avez pas pris ce quiz depuis la dernière actualisation